| 000 | 01022nam a2200253 a 4500 | ||
|---|---|---|---|
| 001 | 49400 | ||
| 003 | BD-RjUL | ||
| 005 | 20211209054657.0 | ||
| 008 | 160820b ru ||||| |||| 00| f ben d | ||
| 020 | _c: Tk. 2.50 | ||
| 035 | _a(BD-RjUL)49519 | ||
| 040 |
_aBD-RjUL _bben _cBD-RjUL |
||
| 041 | _aben | ||
| 082 |
_223 _a891.73 _bSKK |
||
| 100 |
_aস্কী, ফেডর ডষ্টয়ভ _9148297 |
||
| 245 | 1 | 0 |
_aক্রাইম এণ্ড পানিশমেণ্ট / _cফেডর ডষ্টয়ভ স্কী ; শ্রীভূপেন্দ্রনাথ বসু অনূদিত |
| 250 | _a৪র্থ সং. | ||
| 260 |
_aকলিকাতা : _bমিত্র ও ঘোষ, _c[?] |
||
| 300 |
_a১৬৪ পৃ. ; _c১৫ সেমি. |
||
| 650 |
_aরাশিয়ান উপন্যাস _9148298 |
||
| 650 |
_aRussian Fiction _9122083 |
||
| 700 |
_aবসু, শ্রীভূপেন্দ্রনাথ, অনুবাদক _9148299 |
||
| 942 |
_2ddc _cBK |
||
| 999 |
_c49400 _d49400 |
||